सूर का राम काव्य (Record no. 1055)

MARC details
000 -LEADER
fixed length control field 01036 a2200217 4500
005 - DATE AND TIME OF LATEST TRANSACTION
control field 20080904101017.0
008 - FIXED-LENGTH DATA ELEMENTS--GENERAL INFORMATION
fixed length control field 080904t xxu||||| |||| 00| 0 hin d
010 ## - LIBRARY OF CONGRESS CONTROL NUMBER
LC control number HIN-78947
020 ## - INTERNATIONAL STANDARD BOOK NUMBER
International Standard Book Number 8189829017
Terms of availability 350.00
035 ## - SYSTEM CONTROL NUMBER
System control number HN-51294
037 ## - SOURCE OF ACQUISITION
Source of stock number/acquisition D.B.Act. / pub
082 ## - DEWEY DECIMAL CLASSIFICATION NUMBER
Classification number 821.08
100 ## - MAIN ENTRY--PERSONAL NAME
Personal name शर्मा, सुधीर
245 ## - TITLE STATEMENT
Title सूर का राम काव्य
Statement of responsibility, etc सुधीर शर्मा
246 ## - VARYING FORM OF TITLE
Title proper/short title Soor ka Ram kavya
Remainder of title by Sudheer Sharma
260 ## - PUBLICATION, DISTRIBUTION, ETC. (IMPRINT)
Place of publication, distribution, etc दिल्ली
Name of publisher, distributor, etc नवलोक प्रकाशन
Date of publication, distribution, etc 2006
270 ## - ADDRESS
Address बी- 422 , गली नं 21, भजनपुरा
City दिल्ली
Postal code 110053
Telephone number 011-55796579
300 ## - PHYSICAL DESCRIPTION
Extent 168पृ
Dimensions 22सेमी (सजिल्द)
942 ## - ADDED ENTRY ELEMENTS (KOHA)
Institution code [OBSOLETE] dpl
Koha item type Hindi Books
Call number prefix 821.08 / शर्मासु
Source of classification or shelving scheme Dewey Decimal Classification
Classification part 821.08
Call number suffix शर्मासु
Holdings
Withdrawn status Lost status Damaged status Not for loan Collection code Home library Current library Date acquired Cost, normal purchase price Total Checkouts Full call number Barcode Date last seen Uniform Resource Identifier Cost, replacement price Price effective from Koha item type
      Not For Loan Non-fiction D.B.Act.Division D.B.Act.Division 04/09/2008 350.00   821.08 शर्मासु HN-51294 15/09/2008 1120 350.00 15/09/2008 Hindi Books

© Delhi Public Library
Hit Counter
free hit counter